header

The making of the Chinese industrial workplace (Record no. 358)

MARC details
000 -LEADER
fixed length control field 01272nam a22003134a 4500
082 04 - DEWEY DECIMAL CLASSIFICATION NUMBER
Classification number 331/.0951
100 1# - MAIN ENTRY--AUTHOR NAME
Personal name Frazier, Mark W.
245 14 - TITLE STATEMENT
Title The making of the Chinese industrial workplace
260 ## - PUBLICATION, DISTRIBUTION, ETC. (IMPRINT)
Place of publication Cambridge, UK ;
-- New York :
Name of publisher Cambridge University Press,
Year of publication 2002.
300 ## - PHYSICAL DESCRIPTION
Number of Pages xvii, 286 p. :
Other physical details ill.
490 1# - SERIES STATEMENT
Series statement Cambridge modern China series
650 #0 - SUBJECT ADDED ENTRY--TOPICAL TERM
Topical Term Labor policy
856 40 - ELECTRONIC LOCATION AND ACCESS
Uniform Resource Identifier http://site.ebrary.com/lib/rucke/Doc?id=10006830

No items available.

© 2026 Rongo University
Contact us: librarian | system librarian | Rongo university